000 00200nam a2200097Ia 4500
008 190216s9999||||xx |||||||||||||| ||und||
100 _aNull
245 0 _aHindi-Halk Nas
260 _bNull
942 _cBK
999 _c17443
_d17443